Cuadernos del sur 16 /

Guardado en:
Formato: Libro
Publicado: Bah¡a Blanca : Departamento de humanidades, 1983
Series:Cuadernos del sur, 16
Materias:
Etiquetas: Agregar Etiqueta
Sin Etiquetas, Sea el primero en etiquetar este registro!
LEADER 00643nam a22001935a 4500
001 CEM.cems006978
005 20060214000000.0
008 130507s1983##################000#0#####d
003 CEMS
082 0 4 |a 001.3 
245 0 0 |a Cuadernos del sur 16 / 
260 |a Bah¡a Blanca :  |b Departamento de humanidades,  |c 1983 
300 |a 216 p. 
490 0 |a Cuadernos del sur, 16 
653 |a Geomorfologia 
653 |a Linguistica romanica 
859 |a CEMS  |b BIB. CEMS - 11 de abril  |h 001.3  |i C891-16  |p 13159.84  |t Ej.1 
859 |a CEMS  |b BIB. CEMS - 11 de abril  |h 001.3  |i C891-16  |p 13160.84  |t Ej.2 
859 |a CEMS  |b BIB. CEMS - 11 de abril  |h 001.3  |i C891-16  |p 13673.86  |t Ej.3